| 000 | 00532nam a22001577a 4500 | ||
|---|---|---|---|
| 005 | 20141009111054.0 | ||
| 008 | 141009b xxu||||| |||| 00| 0 eng d | ||
| 050 |
_aHF 5718 _b.C155 2010 |
||
| 100 | _aCalkins, Pasty Fulton. | ||
| 245 |
_aAdministrative professional : _btheories and procedures / _cPatsy Fulton-Calkins and Karin M. Stulz. |
||
| 260 |
_aPhilippines : _bCengage Learning, _cc2010. |
||
| 300 |
_a554 pages : _billustrations ; _c24 cm. |
||
| 650 | _aBusiness. | ||
| 650 | _aBusiness professions. | ||
| 942 |
_2lcc _cBK _kLOC |
||
| 999 |
_c276051 _d276051 |
||